000 00555nam a2200181 i 4500
001 134640
003 ES-MaACL
005 20230906194720.0
007 t|
008 070912s1928 gw ||||1| ger d
100 1 _aWegerer, Alfred von.
_9116309
245 1 0 _aDie Widerlegung der Versailler Kriegsschuldthese /
_cvon Alfred von Wegerer.
260 _aBerlin :
_bReimar Hobbing,
_c[1928]
300 _a238 p. ;
_c23 cm.
630 0 4 _aTratado de Versalles (
_d1919)
_9155228
650 0 4 _aGuerra mundial, 1914-1918.
_913212
852 _aES-MaACL
_jB-3470
999 _c134640
_d134640